[Event "Hyderabad Slan op 1st"]
[Site "Hyderabad"]
[Date "2023.07.22"]
[Round "4"]
[White "Ravi Krishna, G."]
[Black "Tiwari, Arjun"]
[Result "0-1"]
[WhiteElo "1561"]
[BlackElo "2047"]
[PlyCount "42"]
[EventDate "2023.07.21"]
[EventType "swiss"]
[EventRounds "9"]
[EventCountry "IND"]
[SourceTitle "CBM 215 Extra"]
[Source "ChessBase"]
[SourceDate "2023.09.30"]
[SourceVersion "1"]
[SourceVersionDate "2023.09.30"]
[SourceQuality "1"]

1. d4 Nf6 2. Bf4 c5 3. d5 Qb6 4. b3 g5 5. Be5 Bg7 6. c4 e6 7. dxe6 fxe6 8. Nd2 Nc6 9. Bb2 d5 10. Ngf3 g4 11. Ne5 d4 12. Nxc6 Qxc6 13. Qc2 e5 14. f3 0-0 15. g3 gxf3 16. exf3 e4 17. fxe4 Ng4 18. Be2 Qh6 19. Nf1 Nf2 20. Rg1 d3 21. Bxg7 Qxg7 0-1